Statistics for Top Current NBA Passers

Click here to take the quiz!

General Stats

  • This quiz has been taken 20 times
  • The average score is 16 of 18

Answer Stats

TeamPlayer% Correct
PHIBen Simmons
100%
HOUChris Paul
100%
GSWDraymond Green
100%
WASJohn Wall
100%
BOSKyrie Irving
100%
CLELeBron James
100%
LALLonzo Ball
100%
OKCRussell Westbrook
100%
GSWStephen Curry
100%
CLEIsaiah Thomas
88%
TORKyle Lowry
88%
DENNikola Jokic
82%
NOPRajon Rondo
82%
UTARicky Rubio
82%
GSWAndre Iguodala
76%
ORLElfrid Payton
76%
MEMMarc Gasol
76%
LACMilos Teodosic
65%

Score Distribution

Percentile by Number Answered

Percent of People with Each Score

Your Score History

You have not taken this quiz